000 00447nam a2200181Ia 4500
001 300
005 20260306122754.0
008 260306t2013||||xx |||||||||||||| ||spa||
041 _aESP
082 _a025.56
_bM84A
100 _aMonfasani, Rosa Emma,
_eAUT
245 0 _aBibliotecarios, usuarios y gestión del conocimiento
260 _c2013
300 _a234 páginas :
_c22 cm.
650 _aGEN
654 _aCHU
942 _cLIB
_dJUS
_fJUS
_2ddc
_n
999 _c300
_d300